विपणन प्रबन्ध / (Record no. 119619)
[ view plain ]
| 000 -LEADER | |
|---|---|
| fixed length control field | 01099nam a22002537a 4500 |
| 005 - DATE AND TIME OF LATEST TRANSACTION | |
| control field | 20170124103145.0 |
| 010 ## - LIBRARY OF CONGRESS CONTROL NUMBER | |
| LC control number | A-984372 |
| 020 ## - INTERNATIONAL STANDARD BOOK NUMBER | |
| Terms of availability | 00.00 |
| International Standard Book Number | 8186803491 |
| 035 ## - SYSTEM CONTROL NUMBER | |
| System control number | A-984372 |
| 037 ## - SOURCE OF ACQUISITION | |
| Source of stock number/acquisition | Cen Lib/Ret |
| 040 ## - CATALOGING SOURCE | |
| Original cataloging agency | DPL |
| Language of cataloging | HN |
| 082 ## - DEWEY DECIMAL CLASSIFICATION NUMBER | |
| Classification number | 658.8 |
| Item number | सुधाजी |
| 100 ## - MAIN ENTRY--PERSONAL NAME | |
| Personal name | सुधा, जी.एस. |
| 9 (RLIN) | 73 |
| 245 ## - TITLE STATEMENT | |
| Title | विपणन प्रबन्ध / |
| Statement of responsibility, etc | जी.एस. सुधा |
| 246 ## - VARYING FORM OF TITLE | |
| Title proper/short title | Vipnan prabandh / |
| Remainder of title | by G.S. Sudha |
| 260 ## - PUBLICATION, DISTRIBUTION, ETC. (IMPRINT) | |
| Place of publication, distribution, etc | जयपुर |
| Name of publisher, distributor, etc | नेशनल पब्लिशिंग हाउस |
| Date of publication, distribution, etc | 1999 |
| 270 ## - ADDRESS | |
| City | जयपुर |
| Address | 377, चौड़ा रास्ता |
| Postal code | 302003 |
| 300 ## - PHYSICAL DESCRIPTION | |
| Extent | vi, 306पृ. |
| Dimensions | 21सेमी (सजिल्द) |
| 650 ## - SUBJECT ADDED ENTRY--TOPICAL TERM | |
| Topical term or geographic name as entry element | प्रबंधन--उपभोक्ता व्यवहार |
| 9 (RLIN) | 85896 |
| 650 ## - SUBJECT ADDED ENTRY--TOPICAL TERM | |
| Topical term or geographic name as entry element | प्रबंधन--उत्पाद नियोजन एवं विकास |
| 9 (RLIN) | 85897 |
| 650 ## - SUBJECT ADDED ENTRY--TOPICAL TERM | |
| Topical term or geographic name as entry element | Management--Consumer Behavior |
| 9 (RLIN) | 85898 |
| 650 ## - SUBJECT ADDED ENTRY--TOPICAL TERM | |
| Topical term or geographic name as entry element | Management--Product Planning & Development |
| 9 (RLIN) | 85899 |
| 942 ## - ADDED ENTRY ELEMENTS (KOHA) | |
| Source of classification or shelving scheme | Dewey Decimal Classification |
| Koha item type | Hindi Books |
| Classification part | 658.8 |
| Call number suffix | सुधाजी |
| Withdrawn status | Lost status | Damaged status | Not for loan | Home library | Current library | Date acquired | Source of acquisition | Cost, normal purchase price | Total Checkouts | Full call number | Barcode | Date last seen | Date checked out | Copy number | Cost, replacement price | Price effective from | Koha item type |
|---|---|---|---|---|---|---|---|---|---|---|---|---|---|---|---|---|---|
| Central Library | Central Library | 17/09/2015 | Cen Lib/Ret | 0.00 | 5 | 658.8 सुधाजी | A-984372 | 10/08/2018 | 21/07/2018 | 1 | 0.00 | 17/09/2015 | Hindi Books |
